Hranice důchodového věku zajišťující průměrnou dobu pobírání důchodu po dobu čtvrtiny života a modelové výpočty jeho hodnot
Dôsledky starnutia populácie a finančná udržateľnosť dôchodkových systémov. Súčasná charakteristika dôchodkového systému a aktuálne prognózy budúceho vývoja veku odchodu do dôchodku v Českej republike.
Guardado en:
| Autor principal: | |
|---|---|
| Otros Autores: | |
| Formato: | Capítulo de libro |
| Lenguaje: | checo |
| Materias: | |
| Etiquetas: |
Sin Etiquetas, Sea el primero en etiquetar este registro!
|
MARC
| LEADER | 00000naa a2200000 4500 | ||
|---|---|---|---|
| 001 | 0208549 | ||
| 005 | 20220317094257.8 | ||
| 041 | 0 | |a cze | |
| 044 | |a CZ | ||
| 245 | 1 | 0 | |a Hranice důchodového věku zajišťující průměrnou dobu pobírání důchodu po dobu čtvrtiny života a modelové výpočty jeho hodnot |c Tomáš Fiala, Jitka Langhamrová |
| 520 | |a Dôsledky starnutia populácie a finančná udržateľnosť dôchodkových systémov. Súčasná charakteristika dôchodkového systému a aktuálne prognózy budúceho vývoja veku odchodu do dôchodku v Českej republike. | ||
| 610 | 2 | 0 | |a Česko |
| 610 | 2 | 0 | |a politika sociálna |
| 610 | 2 | 0 | |a systémy dôchodkové |
| 610 | 2 | 0 | |a vek dôchodkový |
| 610 | 2 | 0 | |a starnutie populácie |
| 610 | 2 | 0 | |a modely |
| 610 | 2 | 0 | |a dôchodky |
| 610 | 2 | 0 | |a prognózy |
| 100 | 1 | |a Fiala, Tomáš | |
| 700 | 1 | |a Langhamrová, Jitka | |